Estetika umeleckej tvorby /

Uložené v:
Podrobná bibliografia
Hlavný autor: Šimunek, Eugen (Author)
Médium: Kniha
Jazyk:Slovak
Russian
German
Vydané: Bratislava : Tatran, 1980
Vydanie:1. vyd.
Edícia:Okno zv. 30
ISBN: (viaz.)
Fyzický popis: 160 s.
Tagy: Pridať tag
Žiadne tagy, Buďte prvý kto otaguje tento záznam!

MARC

LEADER 00000nam a2200000 a 4500
001 000225613
005 20091127211257.0
008 051003s1980 xo slo d
020 |a (viaz.) 
040 |a SVKKK  |b slo  |c SVKKK  |e AACR2 
041 0 |a slo  |a rus  |a ger 
044 |a xo  |c SK 
100 1 |a Šimunek, Eugen  |4 aut 
245 1 0 |a Estetika umeleckej tvorby /  |c Eugen Šimunek. 
250 |a 1. vyd. 
260 |a Bratislava :  |b Tatran,  |c 1980  |e (Liptovský Mikuláš :  |f Tlačiarne SNP) 
300 |a 160 s. 
490 1 |a Okno  |v zv. 30 
500 |a Bibliografia 
500 |a Register 
500 |a Rus. a nem. resumé 
830 0 |a Okno  |v zv. 30 
910 |a svkkk 
998 |a BK 
090 |g SCKHL  |k Sklad Pribinova 2. posch.  |a II.258141  |j 619539  |i 2720106617  |s Absenčne